000 00472nam a22001697a 4500
999 _c195237
_d195237
005 20230314152739.0
010 _aENG-136392
020 _a9789392048043
_c171.00
035 _aEN-119924
037 _bDBAD/PUB
082 _a728.084
100 _aSharma, J.M.
245 _aQuality Aspects:
_ball about home construction quality/
_cby J.M. Sharma
260 _bAbhisima Publications
300 _a110p.
_c20cm(pbk)
942 _2ddc
_cEN
_h728.084
_mQUA